| 000 | 00861nam0a22002651 4500 | ||
|---|---|---|---|
| 001 | RU\NLR\INFOCOMM\LIB\26204 | ||
| 005 | 20250617205321.0 | ||
| 035 | _a(NLR Aleph) 004295978 | ||
| 090 |
_a2540930 _c2540930 |
||
| 100 | _a20010828d1959 |||y0rusy50 ca | ||
| 101 | 0 | _afin | |
| 102 | _aRU | ||
| 105 | _ay ||||000ay | ||
| 200 | 1 |
_aKoivunmahlaa _eKertoelma _fStepan Štšipatšov _gSuomentanut Maria Suikkanen |
|
| 210 |
_aPetroskoi _cKarjalan ASNT:n valtion kustannusliike _d1959 |
||
| 215 |
_a104 с. _d21 см |
||
| 300 | _aНа обороте тит. л.: С. Щипачев. Березовый сок | ||
| 700 | 1 |
_aŠčipačev _bS.P. _gStepan Petrovič _4070 |
|
| 702 | 1 |
_aSuikkanen _bM. _gMaria _4730 |
|
| 801 | 1 |
_aRU _bInfoComm _c20020204 |
|
| 801 | 0 |
_aRU _bNLR _gPSBO _c19601122 |
|
| 852 |
_aNLR _bН _jФин/3-4559 |
||
| 942 | _cBOOK | ||
| 980 | _aNB | ||